Países que os pilotos de Fórmula 1 do Grid de 2024 representam - Statistics

Estatísticas Gerais
  • Esse quiz foi jogado 276 vezes
  • A pontuação média é 20 de 23
Estatísticas das Respostas
Piloto País % Correto
Lewis Hamilton Reino Unido
100%
Fernando Alonso Espanha
99%
Franco Colapinto Argentina
94%
Pierre Gasly França
94%
Yuki Tsunoda Japão
94%
Max Verstappen Países Baixos
94%
Sérgio Perez México
93%
Charles Leclerc Mônaco
93%
Nico Hülkenberg Alemanha
92%
Zhou Guanyu China
92%
Carlos Sainz Espanha
92%
Lando Norris Reino Unido
92%
George Russell Reino Unido
92%
Esteban Ocon França
87%
Daniel Ricciardo Austrália
86%
Valtteri Bottas Finlândia
86%
Oscar Piastri Austrália
84%
Alexander Albon Tailândia
83%
Lance Stroll Canadá
82%
Oliver Bearman Reino Unido
80%
Logan Sargeant Estados Unidos
77%
Kevin Magnussen Dinamarca
71%
Liam Lawson Nova Zelândia
70%
Nenhum quiz correspondente encontrado
Distribuição das Pontuações
Porcentagem de Pessoas com Cada Pontuação
Percentil de Números Respondidos
Sua Pontuação Histórica
Você não jogou esse quiz